| 000 | 01121cam a22003254a 4500 | ||
|---|---|---|---|
| 001 | 15438008 | ||
| 005 | 20170105102917.0 | ||
| 008 | 080904s2008 pk b 001 0 eng | ||
| 010 | _a 2008344259 | ||
| 020 | _a9789694025100 | ||
| 025 | _aP-E-2008344259; 28 | ||
| 040 |
_aDLC _cDLC _dDLC |
||
| 042 | _alcode | ||
| 043 |
_aa-pk--- _an-us--- _aaw----- |
||
| 050 | 0 | 0 |
_aDS389 _b.F36 2008 |
| 100 | 1 | _aFaruqui, Ahmad. | |
| 245 | 1 | 0 |
_aMusharraf's Pakistan, Bush's America & the Middle East / _cby Ahmed Faruqui. |
| 246 | 1 | _aMusharraf's Pakistan, Bush's America and the Middle East | |
| 260 |
_aLahore : _bVanguard Books, _c2008. |
||
| 300 |
_axiv, 235 p. ; _c24 cm. |
||
| 504 | _aIncludes bibliographical references and index. | ||
| 600 | 1 | 0 | _aMusharraf, Pervez. |
| 600 | 1 | 0 |
_aBush, George W. _q(George Walker), _d1946- |
| 651 | 0 |
_aPakistan _xPolitics and government _y1988- |
|
| 651 | 0 |
_aUnited States _xPolitics and government _y2001-2009. |
|
| 651 | 0 |
_aMiddle East _xPolitics and government _y1979- |
|
| 906 |
_a7 _bcbc _corigode _d3 _encip _f20 _gy-gencatlg |
||
| 942 |
_2ddc _cBK |
||
| 999 |
_c15411 _d15411 |
||